000 01139nam a2200241Ia 4500
999 _c4556
_d4556
003 OSt
005 20200702181457.0
008 191128t2019 ck fr 000 0 spa d
020 _a9789585779266
040 _aCO-JMCR
_cCO-JMCR
041 0 _aspa
082 0 4 _a336.20986 /
_bC348l
_223
100 1 _aCastelblanco, Jorge,
_eautor
_96564
245 1 0 _aLo que usted debe saber de impuestos en el 2019 :
_bcomentarios a la Ley 1943 de 2018 /
_cJorge E. Castelblanco, Pedro E. Sarmiento P. y Juan Carlos Arbeláez M. [y otros 20]
260 _aBogotá :
_bCrowe,
_c2019
300 _a294 páginas ;
_c24 cm.
505 0 _aMecanismos de financiamiento en el impuesto a las ventas y facturación -- Normas de financiamiento en el impuesto sobre la renta -- Impuesto al patrimonio, normalización y dividendos -- Medidas para combatir la evasión y abuso en materia tributaria
650 1 4 _aLey 1943 de 2018
_xcomentarios reforma tributaria
_zColombia
_96565
650 1 4 _aLegislación tributaria
_zColombia
_96566
700 1 _aSarmiento P., Pedro E.,
_eautor
_96567
700 1 _aArbeláez M., Juan Carlos,
_eautor
_96568
942 _2ddc
_cBK